| 000 | 02257nam a2200313Ia 4500 | ||
|---|---|---|---|
| 999 |
_c50901 _d50901 |
||
| 001 | 17856 | ||
| 003 | GE_BSU | ||
| 005 | 20250219113752.0 | ||
| 008 | 181216s2015||||ge |||||||||||||| ||geo|| | ||
| 020 | _a9789941241277 | ||
| 040 | _cGE_BSU | ||
| 041 | _ageo | ||
| 080 | _a27-36 წ-71 | ||
| 245 |
_aწმინდა სილიბისტრო, რომის პაპი ; წმინდა ისიდორე პელუზიელი ; წმინდა ისააკ ასური, ნინევიის ეპისკოპოსი ; წმინდა საბა განწმენდილი / _cშემდგენელი სოფიო თავაძე ; გარეკანის დიზაინი რატი თორდია. |
||
| 264 |
_aთბილისი : _bპალიტრა L, _c2015. |
||
| 300 |
_a192 გვ. ; _c20 სმ. |
||
| 490 |
_aსაქართველოს იმედი II : ყველა წმინდანი, რომელთა შესახებაც უნდა იცოდე, 2298-547 / პროექტის რედაქტორი თამარ მამაცაშვილი ; _vწიგნი 37. |
||
| 500 | _aიბეჭდება სრ. საქართველოს კათოლიკოს-პატრიარქის, უწმინდესისა და უნეტარესის ილია II-ის ლოცვა-კურთხევით | ||
| 504 | _aბიბლიოგრ. : გვ. 185 | ||
| 541 | _h2 ლ. | ||
| 653 | _aრელიგია | ||
| 653 | _aწმინდა სილიბისტრო,რომის პაპი | ||
| 653 | _aწმინდა ისიდორე პელუზიელი | ||
| 653 | _a წმინდა ისააკ ასური, ნინევიის ეპისკოპოსი | ||
| 653 | _a წმინდა საბა განწმენდილი | ||
| 700 |
_aთავაძე, სოფიო _eშემდგენელი _924394 |
||
| 700 |
_aმამაცაშვილი, თამარ _eპროექტის რედაქტორი _924395 |
||
| 942 |
_cBK _2udc |
||